000 00528nam a2200181 a 4500
001 000271944
003 AM-YeHGA
005 20250617125501.0
008 031014s1918 ai 000 | arm d
040 _aAM-YeHGA
041 0 _aarm
245 1 0 _aԱրեւելք /
_cՎ. Թոթովենց.
260 _aԹիֆլիս :
_bԱ. հ.,
_c1918.
300 _a24 էջ ;
_c18 սմ.
500 _aՏեղը և թիվը վերցված է վերջին էջից
650 1 4 _aՀայ գրականություն
_xՊոեզիա
090 _c99864
999 _c98553
_d98553